Asterix Countries Visited - Sudden Death - Statistics

General Stats
  • This quiz has been taken 78 times
  • The average score is 8 of 18
Answers on the Grid
Answers color-coded by a green-red scale on the quiz's grid according to % correct below.
Belgium
Egypt
France
Germany
Greece
India
Iran
Iraq
Israel
Italy
Lebanon
Norway
Spain
Switzerland
Tunisia
Ukraine
UK
USA
Netherlands
Luxembourg
Ireland
Denmark
Finland
Russia
China
Saudi Arabia
Poland
Türkiye
Canada
Jordan
Georgia
Malta
Portugal
Cuba
Morocco
Kazakhstan
 
Answer Stats
Answer % Correct
Egypt
74%
Belgium
71%
Italy
71%
France
68%
Germany
66%
Spain
61%
UK
61%
Greece
58%
Switzerland
55%
USA
53%
India
37%
Israel
34%
Norway
29%
Iran
21%
Tunisia
21%
Iraq
18%
Ukraine
18%
Lebanon
16%
No matching quizzes found
Score Distribution
Percent of People with Each Score
Percentile by Number Answered
Your Score History
You have not taken this quiz